| 000 | 00394nam a22001571a 4500 | ||
|---|---|---|---|
| 020 | _a9788176753111 | ||
| 082 |
_aH100 9 _bRAV/U |
||
| 100 | _aRavi P | ||
| 245 |
_aUttar- aupaniveshik vimarsh aur hindi kavitha/ _cby Ravi P |
||
| 260 |
_aHariyana: _bAadhar, _c2011. |
||
| 300 | _a200p. | ||
| 650 | _aPoetry Hindi Criticism | ||
| 650 | _aLiterature Hindi | ||
| 650 | _aLiterature | ||
| 942 | _cBK | ||
| 999 |
_c48552 _d48552 |
||